000
00293nam a22001337a 4500
008
170329b xxu||||| |||| 00| 0 eng d
020
_a
0440540763
041
_a
eng
080
_a
616-053.2
100
_a
8
101
_a
SHM
245
_a
INFANTS AND MOTHERS
_c
BRAZELTON, T.B
942
_2
udc
_c
BK
999
_c
9055
_d
9055